=LDR 00000nam 2200000 4500 =001 001081 =005 20250713093555 =035 ##$$a 0010-0725000962 =007 ta =008 250713################a##########0#ind## =020 ##$$a 978-623-307-457-5 =082 ##$$a 398.209 598 =084 ##$$a 398.209 598 AKU p =100 #$$a Hello English =245 1#$$a Aku sudah besar /$c Hello English =260 ##$$a Rawamangun :$b Badan Pengembangan dan Pembinaan Bahasa,$c 2022 =300 ##$$a 14 hlm. : $b Ilus. ; $c 21 cm. =650 #4$$a Cerita Anak Indonesia - Terjemahan =650 #4$$a Literasi - Bahan bacaan =856 ##$$a TBM AS SUHADA